Countries of Europe without a Map - Statistics

General Stats
  • This quiz has been taken 86 times
  • The average score is 41 of 45
Answer Stats
Country % Correct
Vatican City
98%
Andorra
97%
Spain
97%
United Kingdom
97%
Finland
95%
Iceland
95%
Norway
95%
Portugal
95%
Sweden
95%
Austria
94%
Belarus
94%
Denmark
94%
France
94%
Germany
94%
Greece
94%
Ireland
94%
Latvia
94%
Monaco
94%
San Marino
94%
Albania
92%
Belgium
92%
Croatia
92%
Estonia
92%
Kosovo
92%
Poland
92%
Switzerland
92%
Italy
91%
Liechtenstein
91%
Lithuania
91%
Luxembourg
91%
Malta
91%
Romania
91%
Slovakia
91%
Hungary
89%
Russia
89%
Ukraine
89%
Bosnia and Herzegovina
88%
Bulgaria
88%
Czech Republic
88%
Moldova
88%
North Macedonia
88%
Serbia
88%
Slovenia
88%
Montenegro
86%
Netherlands
83%
No matching quizzes found
Score Distribution
Percent of People with Each Score
Percentile by Number Answered
Your Score History
You have not taken this quiz